Loading...
| History - Other | 0 | 7 | 1 | 2 | 65 | 67 | 95.86 | 1 | 3 | 15.29 | 35.83 |
| History - European | 0 | 7 | 1 | 0 | 65 | 29 | 56.57 | 2 | 3 | 32.98 | 39.17 |
| History - American | 0 | 4 | 0 | 2 | 40 | 74 | 108.50 | 1 | 2 | 4.27 | 20.83 |
| Religion | 0 | 4 | 1 | 0 | 35 | 70 | 86.75 | 0 | 2 | 12.48 | 25.00 |
| Fine Arts - Painting and Sculpture | 0 | 3 | 0 | 0 | 30 | 108 | 114.33 | 0 | 0 | 4.09 | 10.83 |
| Science - Chemistry | 0 | 2 | 0 | 0 | 20 | 95 | 100.50 | 0 | 1 | 2.47 | 13.33 |
| Literature - World | 0 | 2 | 0 | 1 | 20 | 128 | 136.00 | 1 | 1 | 0.69 | 14.17 |
| Fine Arts - Other | 0 | 2 | 0 | 1 | 20 | 50 | 91.00 | 1 | 2 | 5.22 | 10.00 |
| Mythology | 0 | 2 | 1 | 0 | 15 | 97 | 106.50 | 1 | 1 | 4.43 | 14.17 |
| Fine Arts - Classical Music | 0 | 1 | 0 | 0 | 10 | 92 | 92.00 | 0 | 0 | 2.20 | 5.00 |
| History - World | 0 | 2 | 2 | 1 | 10 | 97 | 111.50 | 0 | 1 | 2.21 | 7.50 |
| Literature - British | 0 | 1 | 0 | 0 | 10 | 56 | 56.00 | 0 | 1 | 4.77 | 5.83 |
| Science - Biology | 0 | 1 | 0 | 0 | 10 | 61 | 61.00 | 0 | 1 | 4.03 | 7.50 |
| Social Science | 0 | 1 | 1 | 0 | 5 | 25 | 25.00 | 0 | 1 | 6.49 | 7.50 |
| Literature - European | 0 | 1 | 1 | 1 | 5 | 147 | 147.00 | 0 | 0 | 0.06 | 4.17 |
| Geography | 0 | 1 | 2 | 0 | 0 | 37 | 37.00 | 1 | 1 | 17.66 | 25.00 |